Raubfischer in Hellas (Record no. 78926)

MARC details
000 -LEADER
campo de control de longitud fija 00457nam a2200157 i 4500
001 - NÚMERO DE CONTROL
campo de control 78926
003 - IDENTIFICADOR DE NÚMERO DE CONTROL
campo de control ES-MaACL
005 - FECHA Y HORA DE LA ÚLTIMA TRANSACCIÓN
campo de control 20230906173844.0
007 - CAMPO FIJO DE DESCRIPCIÓN FÍSICA--INFORMACIÓN GENERAL
campo de control de longitud fija t|
008 - DATOS DE LONGITUD FIJA--INFORMACIÓN GENERAL
campo de control de longitud fija 041018s1942 gw ||||1| ger d
100 1# - ENTRADA PRINCIPAL--NOMBRE DE PERSONA
Nombre de persona Helwig, Werner.
9 (RLIN) 62480
245 10 - MENCIÓN DEL TÍTULO
Título Raubfischer in Hellas
Resto del título : roman /
Mención de responsabilidad, etc. par Werner Helwig.
260 ## - PUBLICACIÓN, DISTRIBUCIÓN, ETC.
Lugar de publicación, distribución, etc. Leipzig :
Nombre del editor, distribuidor, etc. Bernhard Tauchnitz,
Fecha de publicación, distribución, etc. 1942 (
Fabricante Oscar Brandstetter)
300 ## - DESCRIPCIÓN FÍSICA
Extensión 266 p. ;
Dimensiones 19 cm.
852 ## - LOCALIZACIÓN
Ubicación ES-MaACL
Número de control de estantería F-15811
Sublocalización o colección R.19910
Holdings
Estatus retirado Estado de pérdida Estado de daño No para préstamo Biblioteca de origen Biblioteca actual Ubicación en estantería Fecha de adquisición Fuente de adquisición Total de préstamos Signatura topográfica completa Código de barras Visto por última vez Precio de reemplazo Tipo de ítem Koha
        Biblioteca del Ateneo de Madrid Biblioteca del Ateneo de Madrid Sala Pecera Planta 2 17/01/2008     F-15811 1082539 23/02/2023 23/02/2023 Libro impreso